000 00664nam a22001937a 4500
999 _c6147
_d6147
005 20260317160122.0
008 260317b ||||| |||| 00| 0 eng d
020 _a9781515709725
040 _cKH8
082 _a534
100 _aDunne,Abbie
_eAuthor
245 _aSound
260 _a1710 Roe Crest Drive,North Mankato,Minnesota 56003
_bCapstone Press
_c©2017
300 _a24 pages
_bColour illustration
_c27cm x 23cm
520 _aHow do musical instruments make sounds? How do we hear sounds? Science has the answer! Learn all about the amazing world world of sound.
650 _2Juvenile Non Fiction
_aScience
655 _aScience
942 _2ddc
_cNFIC